00466nam a2200157Ia 4500008004100000100001800041245004400059245001800103260000800121260000900129300003300138440004800171650001700219650004200236650003000278180910s9999 xx 000 0 und d aBrewer, Niel. aJournal Experience Psychology Applied / cNiel, Brewer. bUSA c2017 apages 370-499, December 2017 aJournal Experience Psychology Appliedv23:4 aPeriodicals. aPsychology, Experimental -- Research. aPsychology, Experimental.